[Event "NZL-ch Rapid 131st"]
[Site "Palmerston North"]
[Date "2024.01.12"]
[Round "6.2"]
[White "Croad, Nicholas"]
[Black "Hart, Ralph"]
[Result "1/2-1/2"]
[WhiteElo "2171"]
[BlackElo "2048"]
[PlyCount "100"]
[EventDate "2024.01.11"]
[EventType "swiss (rapid)"]
[EventRounds "9"]
[EventCountry "NZL"]
[SourceTitle "CB03_2024"]
[SourceDate "2024.01.17"]
[SourceVersion "1"]
[SourceVersionDate "2024.01.17"]
[SourceQuality "1"]

1. d4 Nf6 2. c4 e6 3. Nc3 Bb4 4. Qc2 c5 5. dxc5 Na6 6. a3 Bxc3+ 7. Qxc3 Nxc5 8. b4 Na4 9. Qc2 b5 10. cxb5 Nb6 11. e3 Bb7 12. Nf3 Rc8 13. Qd1 0-0 14. Bb2 d6 15. Be2 e5 16. 0-0 Nc4 17. Bxc4 Rxc4 18. Rc1 Rxc1 19. Qxc1 Qd7 20. Qc4 Rc8 21. Qe2 Qg4 22. h3 Qe4 23. Rc1 Rxc1+ 24. Bxc1 h6 25. Qd2 Qb1 26. Ne1 Ne4 27. Qb2 Qxb2 28. Bxb2 f6 29. f3 Nd2 30. Kf2 Kf7 31. Ke2 Nc4 32. Bc1 Ke6 33. Kd3 Nb6 34. e4 d5 35. Be3 d4 36. Bc1 Bc8 37. Kc2 Bd7 38. Nd3 Bxb5 39. Nc5+ Ke7 40. g3 g5 41. h4 Be2 42. hxg5 hxg5 43. f4 exf4 44. gxf4 g4 45. Bb2 Nc4 46. Bxd4 Nxa3+ 47. Kd2 Bf3 48. Ke3 Nc4+ 49. Kf2 Nd6 50. Kg3 Nxe4+ 1/2-1/2

[Event "NZL-ch Rapid 131st"]
[Site "Palmerston North"]
[Date "2024.01.12"]
[Round "8.6"]
[White "Croad, Nicholas"]
[Black "Van der Hoorn, Thomas"]
[Result "1-0"]
[WhiteElo "2171"]
[BlackElo "1882"]
[PlyCount "59"]
[EventDate "2024.01.11"]
[EventType "swiss (rapid)"]
[EventRounds "9"]
[EventCountry "NZL"]
[SourceTitle "CB03_2024"]
[SourceDate "2024.01.17"]
[SourceVersion "1"]
[SourceVersionDate "2024.01.17"]
[SourceQuality "1"]

1. e4 c5 2. Nf3 Nc6 3. Bb5 Nf6 4. Bxc6 dxc6 5. d3 Bg4 6. Nbd2 Qc7 7. h3 Bxf3 8. Qxf3 g6 9. Nc4 Bg7 10. 0-0 0-0 11. Bf4 Qd8 12. a4 Nd7 13. c3 a5 14. Rfe1 b5 15. Ne3 Ne5 16. Bxe5 Bxe5 17. Rad1 Qc7 18. axb5 cxb5 19. Nd5 Qa7 20. h4 h5 21. g4 hxg4 22. Qxg4 e6 23. Ne3 Qe7 24. f4 Bg7 25. e5 Rfd8 26. Re2 Kf8 27. h5 Ke8 28. Rg2 Kd7 29. Nd5 f5 30. exf6 1-0

[Event "NZL-ch Rapid 131st"]
[Site "Palmerston North"]
[Date "2024.01.12"]
[Round "7.1"]
[White "Jones, Gawain C B"]
[Black "Croad, Nicholas"]
[Result "1-0"]
[WhiteElo "2618"]
[BlackElo "2171"]
[PlyCount "78"]
[EventDate "2024.01.11"]
[EventType "swiss (rapid)"]
[EventRounds "9"]
[EventCountry "NZL"]
[SourceTitle "CB03_2024"]
[SourceDate "2024.01.17"]
[SourceVersion "1"]
[SourceVersionDate "2024.01.17"]
[SourceQuality "1"]

1. Nf3 d5 2. c4 e6 3. g3 Nf6 4. Bg2 Be7 5. 0-0 0-0 6. b3 a5 7. Nc3 c6 8. d4 Nbd7 9. Qd3 b6 10. e4 Ba6 11. Rd1 a4 12. e5 Ne8 13. Nxa4 Bxc4 14. bxc4 Rxa4 15. cxd5 cxd5 16. h4 h6 17. Bf4 Qa8 18. Qd2 Bb4 19. Qc2 Nb8 20. Bf1 Ra7 21. Qb2 Be7 22. Bd3 Nc6 23. Bb1 Na5 24. Qc2 f5 25. exf6 Nxf6 26. Bxh6 Ne4 27. Bf4 Rxf4 28. gxf4 Qf8 29. Nd2 Qxf4 30. Nxe4 Bxh4 31. Ng3 Bxg3 32. Qh7+ Kf8 33. Qh8+ Kf7 34. Qh5+ Ke7 35. fxg3 Qxg3+ 36. Kh1 Kd8 37. Rg1 Qc3 38. Qh8+ Kc7 39. Rxg7+ Kc6 1-0

[Event "NZL-ch Rapid 131st"]
[Site "Palmerston North"]
[Date "2024.01.11"]
[Round "2.5"]
[White "Croad, Nicholas"]
[Black "Wang, Justin Zhide"]
[Result "1-0"]
[WhiteElo "2171"]
[BlackElo "1667"]
[PlyCount "81"]
[EventDate "2024.01.11"]
[EventType "swiss (rapid)"]
[EventRounds "9"]
[EventCountry "NZL"]
[SourceTitle "CB03_2024"]
[SourceDate "2024.01.17"]
[SourceVersion "1"]
[SourceVersionDate "2024.01.17"]
[SourceQuality "1"]

1. d4 e6 2. c4 Nf6 3. Nc3 Bb4 4. Qc2 d5 5. Bg5 0-0 6. e3 h6 7. Bh4 Nbd7 8. Bd3 Qe8 9. Nf3 b6 10. cxd5 exd5 11. 0-0 Bxc3 12. Qxc3 c5 13. dxc5 bxc5 14. Bxf6 Nxf6 15. Qxc5 Bg4 16. Nd4 Qe5 17. Rac1 g6 18. b4 h5 19. Qc7 Qxc7 20. Rxc7 Rfe8 21. h3 Be6 22. Rfc1 Ne4 23. Bxe4 dxe4 24. a4 Kg7 25. b5 Kf6 26. a5 Reb8 27. R1c5 g5 28. a6 Rh8 29. Nc6 Rag8 30. Nxa7 h4 31. b6 g4 32. Kh2 gxh3 33. gxh3 Rg6 34. Rc8 Rh7 35. b7 Rhg7 36. Rc1 Rg2+ 37. Kh1 Rxf2 38. b8Q Rf3 39. Qb2+ Kg6 40. Rg1+ Kh5 41. Rh8+ 1-0

[Event "NZL-ch Rapid 131st"]
[Site "Palmerston North"]
[Date "2024.01.11"]
[Round "3.5"]
[White "Langford, Josh"]
[Black "Croad, Nicholas"]
[Result "1/2-1/2"]
[WhiteElo "1869"]
[BlackElo "2171"]
[PlyCount "60"]
[EventDate "2024.01.11"]
[EventType "swiss (rapid)"]
[EventRounds "9"]
[EventCountry "NZL"]
[SourceTitle "CB03_2024"]
[SourceDate "2024.01.17"]
[SourceVersion "1"]
[SourceVersionDate "2024.01.17"]
[SourceQuality "1"]

1. e4 e5 2. Nf3 Nc6 3. Bc4 Nf6 4. d3 Bc5 5. c3 d6 6. 0-0 Bb6 7. Re1 h6 8. Nbd2 0-0 9. h3 Ne7 10. Nf1 c6 11. Bb3 Ng6 12. d4 Re8 13. Ng3 Be6 14. Bc2 Qc7 15. Be3 Rad8 16. Qc1 exd4 17. cxd4 Bc8 18. Bxh6 gxh6 19. Qxh6 Qe7 20. e5 Nh7 21. e6 Bxe6 22. Rxe6 Qxe6 23. Nh5 Bxd4 24. Nxd4 Qe5 25. Nf3 Qh8 26. Bxg6 fxg6 27. Qxg6+ Kf8 28. Qf5+ Kg8 29. Qg6+ Kf8 30. Qf5+ Kg8 1/2-1/2

[Event "NZL-ch op 131st"]
[Site "Palmerston North"]
[Date "2024.01.03"]
[Round "2"]
[White "Croad, Nicholas"]
[Black "Timergazi, Layla"]
[Result "1-0"]
[WhiteElo "2171"]
[BlackElo "1995"]
[PlyCount "53"]
[EventDate "2024.01.02"]
[EventType "swiss"]
[EventRounds "9"]
[EventCountry "NZL"]
[SourceTitle "CB03_2024"]
[SourceDate "2024.01.17"]
[SourceVersion "1"]
[SourceVersionDate "2024.01.17"]
[SourceQuality "1"]

1. d4 Nf6 2. c4 e6 3. Nc3 Bb4 4. Qc2 b6 5. e4 c5 6. d5 exd5 7. exd5 Qe7+ 8. Be2 0-0 9. Nf3 Re8 10. 0-0 d6 11. h3 Bxc3 12. Qxc3 Bf5 13. Re1 Qd7 14. Nh4 Na6 15. a3 Re5 16. Bf4 Re4 17. Nxf5 Rxf4 18. Nxg7 Rd4 19. Qe3 Kh8 20. Qg5 Ne4 21. Qf5 Qe7 22. Bd3 Qf6 23. Rxe4 Qxg7 24. Rae1 Rg8 25. Rg4 Rxg4 26. hxg4 Nc7 27. Re7 1-0

[Event "Oceania zt 3.6"]
[Site "Melbourne"]
[Date "2023.01.27"]
[Round "7"]
[White "Croad, Nicholas"]
[Black "Prasad, Lalit"]
[Result "1/2-1/2"]
[WhiteElo "2218"]
[BlackElo "2053"]
[PlyCount "87"]
[EventDate "2023.01.23"]
[EventType "swiss"]
[EventRounds "9"]
[EventCountry "AUS"]
[SourceTitle "CBM 212 Extra"]
[Source "ChessBase"]
[SourceDate "2023.03.31"]
[SourceVersion "1"]
[SourceVersionDate "2023.03.31"]
[SourceQuality "1"]

1. e4 c5 2. Nf3 e6 3. g3 Nc6 4. Bg2 Nf6 5. Qe2 e5 6. 0-0 Be7 7. Na3 0-0 8. Nc4 d6 9. d3 Re8 10. Ne3 Bf8 11. Kh1 Rb8 12. Ng1 b5 13. f4 a5 14. fxe5 dxe5 15. c3 Be6 16. Nf3 Nd7 17. Nd5 f6 18. Nh4 Nb6 19. Nxb6 Qxb6 20. Nf5 c4 21. dxc4 Bxc4 22. Qg4 Qc7 23. Re1 Kh8 24. Ne3 Be6 25. Qh5 b4 26. Nd5 Qf7 27. Qxf7 Bxf7 28. Bd2 Rec8 29. Rac1 bxc3 30. Bxc3 Nb4 31. Bxb4 axb4 32. Bf1 Bh5 33. Kg2 Bf7 34. Be2 Be6 35. h3 Kg8 36. Bc4 Kf7 37. Bb3 Bc5 38. Rc2 Bd4 39. Ree2 Bxd5 40. Bxd5+ Ke7 41. a4 bxa3 42. bxa3 Rxc2 43. Rxc2 Rb2 44. Rxb2 1/2-1/2

[Event "Oceania zt 3.6"]
[Site "Melbourne"]
[Date "2023.01.27"]
[Round "8"]
[White "Soo, Kai Jie"]
[Black "Croad, Nicholas"]
[Result "1-0"]
[WhiteElo "2046"]
[BlackElo "2218"]
[PlyCount "63"]
[EventDate "2023.01.23"]
[EventType "swiss"]
[EventRounds "9"]
[EventCountry "AUS"]
[SourceTitle "CBM 212 Extra"]
[Source "ChessBase"]
[SourceDate "2023.03.31"]
[SourceVersion "1"]
[SourceVersionDate "2023.03.31"]
[SourceQuality "1"]

1. d4 Nf6 2. c4 e6 3. g3 Bb4+ 4. Bd2 Be7 5. Bg2 d5 6. Nf3 0-0 7. 0-0 Nbd7 8. Qc2 c6 9. Rd1 b6 10. b3 Ba6 11. a4 c5 12. a5 Qc8 13. cxd5 Nxd5 14. axb6 axb6 15. e4 Nb4 16. Bxb4 cxb4 17. Qb2 Bb7 18. Rxa8 Qxa8 19. Nbd2 Qa3 20. Qb1 Nf6 21. Ne5 Rc8 22. Ndc4 Qa6 23. d5 b5 24. Ne3 Bc5 25. Qd3 Rd8 26. Nxf7 Re8 27. e5 Bxe3 28. exf6 Bxf2+ 29. Kxf2 Qa7+ 30. Qd4 Qa2+ 31. Rd2 Qxb3 32. Nh6+ 1-0

[Event "NZL-ch op-A 130th"]
[Site "Wellington"]
[Date "2023.01.10"]
[Round "9"]
[White "Shoker, Samy"]
[Black "Croad, Nicholas"]
[Result "1-0"]
[WhiteElo "2491"]
[BlackElo "2218"]
[PlyCount "97"]
[EventDate "2023.01.02"]
[EventType "swiss"]
[EventRounds "9"]
[EventCountry "NZL"]
[SourceTitle "CBM 212 Extra"]
[Source "ChessBase"]
[SourceDate "2023.03.31"]
[SourceVersion "1"]
[SourceVersionDate "2023.03.31"]
[SourceQuality "1"]

1. Nf3 d5 2. g3 Bg4 3. Bg2 Nd7 4. d3 c6 5. Nbd2 e6 6. h3 Bh5 7. 0-0 Be7 8. c4 Ngf6 9. b3 0-0 10. Bb2 a5 11. a3 b5 12. Qc2 bxc4 13. bxc4 Qb6 14. Rab1 Qa6 15. g4 Bg6 16. Nh4 Rfd8 17. e3 Ne8 18. Nxg6 hxg6 19. f4 Nd6 20. c5 Ne8 21. d4 Rdb8 22. a4 Bd8 23. e4 dxe4 24. Qxe4 Rc8 25. g5 Rab8 26. Bc3 Kf8 27. Rfe1 Qa7 28. Nc4 Bc7 29. Bd2 Bd8 30. h4 Nc7 31. Rxb8 Rxb8 32. Nxa5 Rb2 33. Nxc6 Qxa4 34. Bc1 f5 35. gxf6 Nxf6 36. Qxg6 Ra2 37. Be3 Ra1 38. Rxa1 Qxa1+ 39. Kh2 Qe1 40. Nxd8 Kg8 41. Bg1 Qxh4+ 42. Bh3 Qxf4+ 43. Qg3 Qd2+ 44. Kh1 Qh6 45. Qe3 Qh4 46. Nxe6 Ncd5 47. Bf2 Qh5 48. Qg3 g6 49. Qb8+ 1-0

[Event "NZL-ch rapid op 130th"]
[Site "Wellington"]
[Date "2023.01.05"]
[Round "8"]
[White "Croad, Nicholas"]
[Black "Shoker, Samy"]
[Result "0-1"]
[WhiteElo "2218"]
[BlackElo "2491"]
[PlyCount "116"]
[EventDate "2023.01.04"]
[EventType "swiss (rapid)"]
[EventRounds "9"]
[EventCountry "NZL"]
[SourceTitle "CBM 212 Extra"]
[Source "ChessBase"]
[SourceDate "2023.03.31"]
[SourceVersion "1"]
[SourceVersionDate "2023.03.31"]
[SourceQuality "1"]

1. e4 g6 2. d4 Bg7 3. Nc3 d6 4. Nf3 a6 5. a4 Nc6 6. Be2 Nf6 7. 0-0 0-0 8. h3 e6 9. Be3 h6 10. Qd2 Kh7 11. Rad1 Ne7 12. Bd3 b6 13. Ne2 Bb7 14. Ng3 d5 15. exd5 Nexd5 16. c3 Qe8 17. Qc2 Nxe3 18. fxe3 Nd5 19. Rde1 Kg8 20. Ne5 Rd8 21. e4 Ne7 22. Ng4 f6 23. Bc4 Bc8 24. Ne2 Kh7 25. Nf4 e5 26. dxe5 fxe5 27. Ne6 Rxf1+ 28. Rxf1 Bxe6 29. Bxe6 Qc6 30. Bb3 h5 31. Nh2 Qc5+ 32. Qf2 Qxf2+ 33. Rxf2 Rf8 34. Nf3 Kh6 35. Rd2 Nc8 36. Rd7 Nd6 37. Bd5 Rf4 38. Rxc7 Nxe4 39. Rc6 Nf6 40. Bf7 e4 41. Nd4 e3 42. Bc4 b5 43. axb5 axb5 44. Bxb5 Rf2 45. b4 Nd5 46. Bd3 Nf4 47. Bb5 Kh7 48. Rc7 Kh6 49. Rc6 Kh7 50. Rc7 h4 51. Bc4 Rxg2+ 52. Kf1 Rf2+ 53. Ke1 Kh6 54. Rc6 Nxh3 55. b5 Bxd4 56. cxd4 Nf4 57. b6 h3 58. b7 h2 0-1

[Event "Olympiad-44"]
[Site "Chennai"]
[Date "2022.08.08"]
[Round "10.1"]
[White "Petkov, Momchil"]
[Black "Croad, Nicholas"]
[Result "1-0"]
[WhiteElo "2510"]
[BlackElo "2289"]
[PlyCount "81"]
[EventDate "2022.07.29"]
[EventType "team-swiss"]
[EventRounds "11"]
[EventCountry "IND"]
[SourceTitle "CBM 210"]
[Source "ChessBase"]
[SourceDate "2022.10.31"]
[SourceVersion "1"]
[SourceVersionDate "2022.10.31"]
[SourceQuality "1"]
[WhiteTeam "Bulgaria"]
[BlackTeam "New Zealand"]
[WhiteTeamCountry "BUL"]
[BlackTeamCountry "NZL"]

1. e4 e5 2. Nf3 Nc6 3. Bc4 Bc5 4. 0-0 Nf6 5. d3 d6 6. c3 a5 7. Bg5 h6 8. Bh4 Ba7 9. Nbd2 0-0 10. a4 Qe7 11. Re1 Be6 12. Ra3 Nb8 13. d4 Nbd7 14. Bd3 c6 15. Nc4 Bxc4 16. Bxc4 Rfe8 17. Ba2 Nf8 18. Bg3 Ng6 19. Nh4 Nxh4 20. Bxh4 g5 21. Bg3 Kg7 22. Re3 h5 23. h4 g4 24. Bb1 Rg8 25. Qd2 Nd7 26. f4 f6 27. Kh1 Rgd8 28. Re1 c5 29. Rb3 cxd4 30. Rxb7 Rdb8 31. Rxb8 Rxb8 32. Ba2 Nc5 33. cxd4 Nb3 34. Qd3 Nxd4 35. Qc4 Kh6 36. fxe5 fxe5 37. Rf1 Rf8 38. Rxf8 Qxf8 39. Qc1+ Kh7 40. Qc7+ Qg7 41. Qxd6 1-0

[Event "Olympiad-44"]
[Site "Chennai"]
[Date "2022.08.07"]
[Round "9.2"]
[White "Alegre, Fabio Costa"]
[Black "Croad, Nicholas"]
[Result "1/2-1/2"]
[WhiteElo "1809"]
[BlackElo "2289"]
[PlyCount "81"]
[EventDate "2022.07.29"]
[EventType "team-swiss"]
[EventRounds "11"]
[EventCountry "IND"]
[SourceTitle "CBM 210"]
[Source "ChessBase"]
[SourceDate "2022.10.31"]
[SourceVersion "1"]
[SourceVersionDate "2022.10.31"]
[SourceQuality "1"]
[WhiteTeam "Sao Tome and Principe"]
[BlackTeam "New Zealand"]
[WhiteTeamCountry "SAO"]
[BlackTeamCountry "NZL"]

1. c4 e6 2. g3 d5 3. Bg2 Nf6 4. Nf3 Be7 5. 0-0 0-0 6. b3 c6 7. Bb2 a5 8. d4 Ne4 9. Nfd2 f5 10. Nxe4 fxe4 11. f3 exf3 12. exf3 dxc4 13. bxc4 e5 14. dxe5 Qb6+ 15. Bd4 Bc5 16. Bf2 Be6 17. Nd2 Nd7 18. f4 Bxf2+ 19. Rxf2 Rad8 20. Rb1 Qd4 21. Ne4 Qa7 22. Qe2 Bf5 23. Rd1 Bxe4 24. Bxe4 Nc5 25. Rxd8 Rxd8 26. Qe3 Qb6 27. Kg2 Qb4 28. Rc2 Rd1 29. Bf3 Rd3 30. Qe2 Rd8 31. Bg4 Nd3 32. Kh3 Qa3 33. Qe3 Qc5 34. Qxc5 Nxc5 35. Be2 a4 36. Kg2 Kf7 37. Kf3 Rd4 38. Ke3 Re4+ 39. Kf3 Rd4 40. Ke3 Re4+ 41. Kf3 1/2-1/2

[Event "Wellington op"]
[Site "Wellington"]
[Date "2022.04.17"]
[Round "6"]
[White "Croad, Nicholas"]
[Black "Van der Hoorn, Thomas"]
[Result "1-0"]
[WhiteElo "2277"]
[BlackElo "1783"]
[PlyCount "55"]
[EventDate "2022.04.15"]
[EventType "swiss"]
[EventRounds "6"]
[EventCountry "NZL"]
[SourceTitle "EXT 2024"]
[Source "ChessBase"]
[SourceDate "2023.10.10"]
[SourceVersion "1"]
[SourceVersionDate "2023.10.10"]
[SourceQuality "1"]

1. d4 Nf6 2. c4 e6 3. Nc3 Bb4 4. Qc2 0-0 5. a3 Bxc3+ 6. Qxc3 d5 7. Bg5 Nbd7 8. Nf3 h6 9. Bh4 c6 10. e3 Ne4 11. Qc2 Qc7 12. Bd3 f5 13. Bg3 Nxg3 14. hxg3 Qd8 15. cxd5 cxd5 16. Rc1 Qf6 17. Qc7 Rf7 18. Qd6 Qe7 19. Qxe7 Rxe7 20. Kd2 Nf8 21. Ne5 Kh7 22. g4 Ng6 23. gxf5 exf5 24. Rxc8 Rxc8 25. Bxf5 Rc6 26. Nxc6 bxc6 27. Rc1 Rc7 28. g4 1-0

[Event "Wellington op"]
[Site "Wellington"]
[Date "2022.04.17"]
[Round "5"]
[White "Xie, Felix"]
[Black "Croad, Nicholas"]
[Result "1/2-1/2"]
[WhiteElo "2204"]
[BlackElo "2277"]
[PlyCount "46"]
[EventDate "2022.04.15"]
[EventType "swiss"]
[EventRounds "6"]
[EventCountry "NZL"]
[SourceTitle "EXT 2024"]
[Source "ChessBase"]
[SourceDate "2023.10.10"]
[SourceVersion "1"]
[SourceVersionDate "2023.10.10"]
[SourceQuality "1"]

1. d4 Nf6 2. c4 e6 3. g3 Bb4+ 4. Bd2 Be7 5. Bg2 d5 6. Nf3 c6 7. 0-0 0-0 8. Qc2 Nbd7 9. Rd1 b6 10. Bf4 Ba6 11. cxd5 cxd5 12. Nc3 Nh5 13. Bd2 Qc7 14. Rac1 Rac8 15. Qa4 Qb7 16. Nb5 Bxb5 17. Qxb5 Nhf6 18. Bf4 Rxc1 19. Rxc1 Rc8 20. Rxc8+ Qxc8 21. Ne1 a6 22. Qb3 b5 23. Nd3 Qc4 1/2-1/2

[Event "NZL-ch op 129th"]
[Site "Christchurch"]
[Date "2022.01.03"]
[Round "2"]
[White "Croad, Nicholas"]
[Black "Van der Hoorn, Thomas"]
[Result "1-0"]
[WhiteElo "2289"]
[BlackElo "1685"]
[PlyCount "53"]
[EventDate "2022.01.02"]
[EventType "swiss"]
[EventRounds "9"]
[EventCountry "NZL"]
[SourceTitle "EXT 2023"]
[Source "ChessBase"]
[SourceDate "2022.10.05"]
[SourceVersion "1"]
[SourceVersionDate "2022.10.05"]
[SourceQuality "1"]

1. d4 Nf6 2. c4 e6 3. Nc3 Bb4 4. Qc2 0-0 5. a3 Bxc3+ 6. Qxc3 b6 7. Bg5 h6 8. Bh4 Bb7 9. f3 d5 10. cxd5 exd5 11. e3 Nbd7 12. Bd3 Re8 13. Ne2 c5 14. 0-0 Qe7 15. Bf2 Rac8 16. Qd2 cxd4 17. exd4 a6 18. Ng3 b5 19. Nf5 Qf8 20. g4 Nb6 21. Bh4 Nh7 22. Rae1 g5 23. Bg3 Re6 24. Rxe6 fxe6 25. Bd6 Qf6 26. Ne7+ Kf7 27. Bg6+ 1-0

[Event "North Island-ch"]
[Site "Wellington"]
[Date "2021.04.03"]
[Round "4"]
[White "Croad, Nicholas"]
[Black "Chen, Wei Kai"]
[Result "1-0"]
[WhiteElo "2316"]
[BlackElo "1727"]
[PlyCount "127"]
[EventDate "2021.04.02"]
[EventType "swiss"]
[EventRounds "8"]
[EventCountry "NZL"]
[SourceTitle "EXT 2024"]
[Source "ChessBase"]
[SourceDate "2023.10.10"]
[SourceVersion "1"]
[SourceVersionDate "2023.10.10"]
[SourceQuality "1"]

1. d4 f5 2. g3 Nf6 3. Bg2 e6 4. c4 d5 5. Qc2 c6 6. Nh3 Be7 7. 0-0 0-0 8. Nd2 Ne4 9. Nxe4 fxe4 10. f3 exf3 11. exf3 Bf6 12. Be3 Nd7 13. Rad1 Nb6 14. b3 e5 15. dxe5 Bxe5 16. f4 Bf5 17. Qe2 Qd7 18. Nf2 Bc7 19. Rfe1 Rae8 20. Qb2 Rf6 21. Bd4 Rfe6 22. Rxe6 Bxe6 23. c5 Nc8 24. Re1 b6 25. b4 a5 26. a3 b5 27. Bf1 Qf7 28. Bd3 Bd7 29. Rxe8+ Bxe8 30. Qb1 h6 31. Qe1 Qe7 32. Qd1 Bd7 33. Bc2 Qf7 34. Qd3 g5 35. Bc3 axb4 36. axb4 gxf4 37. Qd4 Kf8 38. Qh8+ Ke7 39. Qxh6 fxg3 40. hxg3 Be6 41. Qg5+ Kd7 42. Ng4 Ne7 43. Nf6+ Kc8 44. Be5 Bd8 45. Bf4 Ng8 46. Qxg8 Qxg8 47. Nxg8 Bxg8 48. Bf5+ Kb7 49. g4 Bf6 50. Bd2 Kc7 51. g5 Bg7 52. Kf2 Kd8 53. Kf3 Ke7 54. Kg4 Be6 55. Be1 Be5 56. g6 Bf6 57. Bd2 Bg8 58. Kh5 d4 59. Kh6 Kf8 60. Bf4 Bg7+ 61. Kg5 Bc4 62. Bd6+ Kg8 63. Be4 Be2 64. Bxc6 1-0

[Event "Oceania Hybrid 3.6 zt"]
[Site "AuNix INT"]
[Date "2021.03.27"]
[Round "6"]
[White "Salvadora, Angelo"]
[Black "Croad, Nicholas"]
[Result "0-1"]
[WhiteElo "1730"]
[BlackElo "2316"]
[PlyCount "44"]
[EventDate "2021.03.20"]
[EventType "tourn"]
[EventRounds "7"]
[EventCountry "NET"]
[SourceTitle "CBM 201 Extra"]
[Source "ChessBase"]
[SourceDate "2021.05.31"]
[SourceVersion "1"]
[SourceVersionDate "2021.05.31"]
[SourceQuality "1"]

1. e4 e5 2. Nf3 Nc6 3. Bc4 Nf6 4. d3 Bc5 5. 0-0 a6 6. a3 Ba7 7. Bg5 h6 8. Bh4 g5 9. Bg3 d6 10. Ne1 h5 11. h4 Bg4 12. Qd2 gxh4 13. Bxh4 Nxe4 14. Bxd8 Nxd2 15. Nxd2 Rxd8 16. Ne4 Ke7 17. Nc3 Rdg8 18. Nd5+ Kd8 19. Nf6 Rg6 20. Nxg4 hxg4 21. g3 Rgh6 22. Bd5 Nd4 0-1

[Event "NZL-ch Rapid"]
[Site "Palmerston North"]
[Date "2021.01.12"]
[Round "9"]
[White "Croad, Nicholas"]
[Black "Ker, Anthony F"]
[Result "1/2-1/2"]
[WhiteElo "2220"]
[BlackElo "2341"]
[PlyCount "71"]
[EventDate "2021.01.11"]
[EventType "swiss (rapid)"]
[EventRounds "9"]
[EventCountry "NZL"]
[SourceTitle "EXT 2024"]
[Source "ChessBase"]
[SourceDate "2023.10.10"]
[SourceVersion "1"]
[SourceVersionDate "2023.10.10"]
[SourceQuality "1"]

1. e4 c5 2. Nf3 g6 3. d4 cxd4 4. Nxd4 Nc6 5. Nc3 Bg7 6. Be3 Nf6 7. Bc4 0-0 8. Bb3 a5 9. 0-0 d6 10. h3 Nxd4 11. Bxd4 Bd7 12. a4 Bc6 13. e5 dxe5 14. Bxe5 Nd7 15. Bxg7 Kxg7 16. Qd4+ e5 17. Qe3 Qb6 18. Rfe1 Qxe3 19. Rxe3 Rfe8 20. Nb5 Bxb5 21. axb5 Nc5 22. Bd5 Rad8 23. c4 b6 24. Rae1 f6 25. f4 Rxd5 26. cxd5 e4 27. Rc1 Rd8 28. Rxc5 bxc5 29. Rxe4 Kf7 30. Rc4 Rxd5 31. b6 Rd1+ 32. Kh2 Rd6 33. Rxc5 Rxb6 34. Rxa5 Rxb2 35. Ra7+ Kg8 36. Kg3 1/2-1/2

[Event "NZL-ch op 128th"]
[Site "Palmerston North"]
[Date "2021.01.08"]
[Round "7"]
[White "Xie, Felix"]
[Black "Croad, Nicholas"]
[Result "0-1"]
[WhiteElo "1976"]
[BlackElo "2289"]
[PlyCount "114"]
[EventDate "2021.01.02"]
[EventType "swiss"]
[EventRounds "9"]
[EventCountry "NZL"]
[SourceTitle "CBM 200 Extra"]
[Source "ChessBase"]
[SourceDate "2021.03.31"]
[SourceVersion "1"]
[SourceVersionDate "2021.03.31"]
[SourceQuality "1"]

1. d4 Nf6 2. Bg5 d5 3. e3 c5 4. Bxf6 gxf6 5. Nc3 Nc6 6. dxc5 e6 7. Qh5 Bxc5 8. 0-0-0 Bb4 9. Nge2 Qe7 10. Nb5 a6 11. Nbd4 Bd7 12. Kb1 Ne5 13. Nf4 0-0-0 14. c3 Bc5 15. Bd3 Kb8 16. Qe2 f5 17. Bc2 Rc8 18. Nd3 Bd6 19. Nxe5 Bxe5 20. f3 Rhd8 21. Rd2 Qc5 22. Rhd1 Qb6 23. Ka1 Be8 24. g4 fxg4 25. fxg4 h6 26. Qf3 Qc7 27. h3 Rd6 28. e4 dxe4 29. Bxe4 Rcd8 30. Qe3 Ba4 31. b3 Be8 32. Kb2 Rc8 33. Rc2 Bg7 34. Qg3 e5 35. Nf5 Rxd1 36. Nxg7 Rcd8 37. Qe3 Bc6 38. Bxc6 Qxc6 39. Qxe5+ Ka8 40. Qe3 R1d3 41. Qf4 Rc8 42. c4 Rf3 43. Qd4 Rxh3 44. Nf5 Qc5 45. Qg7 h5 46. Nh6 hxg4 47. Nxf7 Rf3 48. Nh6 g3 49. Qg4 Rcf8 50. Qh3 Qe5+ 51. Ka3 Rf2 52. Ng4 Qa5+ 53. Kb2 Rxc2+ 54. Kxc2 Qxa2+ 55. Kc3 g2 56. Qh6 Rf3+ 57. Kb4 Rxb3+ 0-1